| 000 | 00761nam a22002175i 4500 | ||
|---|---|---|---|
| 001 | 177591 | ||
| 003 | ES-MaACL | ||
| 005 | 20250718080425.0 | ||
| 008 | 110405s1963 sp |||| | spa d | ||
| 080 | _a347.736(460) | ||
| 100 | 1 |
_aOlivencia Ruiz, Manuel. _986799 |
|
| 245 | 1 | 0 |
_aPublicidad registral de suspensiones y quiebras / _cpor Manuel Olivencia Ruiz. |
| 260 |
_aMadrid : _bMontecorvo, _c1963. |
||
| 300 |
_a136 p. ; _c24 cm. |
||
| 490 | 1 |
_aMonografías. Colección de estudios jurídicos ; _v3 |
|
| 650 | 0 | 4 |
_aSuspensión de pagos- _zEspaña. _9145980 |
| 650 | 0 | 7 |
_aQuiebra- _zEspaña _2 _9145981 |
| 830 | 0 |
_aMonografías. Colección de estudios jurídicos ; _v3 _9190484 |
|
| 852 |
_aES-MaACL _jE-14794 _xOlim P-860-bis |
||
| 999 |
_c177591 _d177591 |
||